Ethnic groups in Azerbaijan - Statistics

General Stats
  • This quiz has been taken 52 times
    27 since last reset
  • The average score is 10 of 21
Answer Stats
Family Population Ethnicity % Correct
Altaic (Turkic) 8.17 million Azerbaijani
100%
Indo-European (Armenian) 1 k Armenian
86%
Caucasian (Kartvelian) 12 k Georgian
86%
Indo-European (Slavic) 71 k Russian
86%
Indo-European (Iranic) 280 k Kurd
76%
Altaic (Turkic) 110 k Turk
76%
Caucasian (Northeast) 365 k Lezgin
71%
Indo-European (Iranic) 300 k Tat
67%
Caucasian (Northeast) 150 k Avar
57%
Indo-European (Slavic) 32 k Ukrainian
57%
Indo-European (Iranic) 1.59 million Talysh
52%
Altaic (Turkic) 26 k Tatar
43%
Indo-European (Indo-Aryan) 2 k Roma
38%
Afroasiatic (Semitic) 11 k Mizrahim
19%
Caucasian (Northeast) 13 k Tsakhur
19%
Caucasian (Northeast) 17 k Rutul
14%
Caucasian (Northeast) 4 k Udi
14%
Caucasian (Northeast) 1 k Budukh
5%
Caucasian (Northeast) 3 k Khinalug
5%
Caucasian (Northeast) 5 k Kryts
5%
Caucasian (Northeast) 12 k Jek
0%
No matching quizzes found
Score Distribution
Percent of People with Each Score
Percentile by Number Answered
Your Score History
You have not taken this quiz since the last reset